Research of transportation efficiency of low-energy high-current electron beam in plasma channel in external magnetic field; Journal of Physics: Conference Series; Vol. 652 : Gas Discharge Plasmas and Their Applications (GDP 2015)

Bibliographische Detailangaben
Parent link:Journal of Physics: Conference Series
Vol. 652 : Gas Discharge Plasmas and Their Applications (GDP 2015).— 2015.— [012021, 6 p.]
1. Verfasser: Vagin E. S. Evgeny Sergeevich
Körperschaft: Национальный исследовательский Томский политехнический университет (ТПУ) Институт кибернетики (ИК) Кафедра прикладной математики (ПМ)
Weitere Verfasser: Grigoriev V. P. Vladimir Petrovich
Zusammenfassung:Title screen
Effective high current (5-20 kA) and low energy (tens of keV) electrons beam transportation is possible only with almost complete charging neutralization. It is also necessary to use quite high current neutralization for elimination beam self-pinching effect. The research is based on the self-consistent mathematical model that takes into account beam and plasma particles dynamic, current and charge neutralization of electron beam and examines the transportation of electron beam into a chamber with low-pressure plasma in magnetic field. A numerical study was conducted using particle in cell (PIC) method. The study was performed with various system parameters: rise time and magnitude of the beam current, gas pressure and plasma density and geometry of the system. Regularities of local virtual cathode field generated by the beam in the plasma channel, as well as ranges of parameters that let transportation beam with minimal losses, depending on the external magnetic field were determined through a series of numerical studies. In addition, the assessment of the impact of the plasma ion mobility during the transition period and during steady beam was performed.
Режим доступа: по договору с организацией-держателем ресурса
Sprache:Englisch
Veröffentlicht: 2015
Schlagworte:
Online-Zugang:http://dx.doi.org/10.1088/1742-6596/652/1/012021
http://earchive.tpu.ru/handle/11683/18240
Format: Elektronisch Buchkapitel
KOHA link:https://koha.lib.tpu.ru/cgi-bin/koha/opac-detail.pl?biblionumber=644594

MARC

LEADER 00000nla2a2200000 4500
001 644594
005 20231101134325.0
035 |a (RuTPU)RU\TPU\network\9677 
035 |a RU\TPU\network\9675 
090 |a 644594 
100 |a 20151123a2015 k y0engy50 ba 
101 0 |a eng 
102 |a GB 
105 |a y z 101zy 
135 |a drgn ---uucaa 
181 0 |a i  
182 0 |a b 
200 1 |a Research of transportation efficiency of low-energy high-current electron beam in plasma channel in external magnetic field  |f E. S. Vagin, V. P. Grigoriev 
203 |a Text  |c electronic 
300 |a Title screen 
320 |a [References: 9 tit.] 
330 |a Effective high current (5-20 kA) and low energy (tens of keV) electrons beam transportation is possible only with almost complete charging neutralization. It is also necessary to use quite high current neutralization for elimination beam self-pinching effect. The research is based on the self-consistent mathematical model that takes into account beam and plasma particles dynamic, current and charge neutralization of electron beam and examines the transportation of electron beam into a chamber with low-pressure plasma in magnetic field. A numerical study was conducted using particle in cell (PIC) method. The study was performed with various system parameters: rise time and magnitude of the beam current, gas pressure and plasma density and geometry of the system. Regularities of local virtual cathode field generated by the beam in the plasma channel, as well as ranges of parameters that let transportation beam with minimal losses, depending on the external magnetic field were determined through a series of numerical studies. In addition, the assessment of the impact of the plasma ion mobility during the transition period and during steady beam was performed. 
333 |a Режим доступа: по договору с организацией-держателем ресурса 
461 1 |0 (RuTPU)RU\TPU\network\3526  |t Journal of Physics: Conference Series 
463 0 |0 (RuTPU)RU\TPU\network\9636  |t Vol. 652 : Gas Discharge Plasmas and Their Applications (GDP 2015)  |o 12th International Conference, 6–11 September 2015, Tomsk, Russia  |o [proceedings]  |v [012021, 6 p.]  |d 2015 
610 1 |a труды учёных ТПУ 
610 1 |a электронный ресурс 
610 1 |a сильноточные электронные пучки 
610 1 |a плазма 
610 1 |a внешние поля 
610 1 |a магнитные поля 
610 1 |a математические модели 
610 1 |a транспортировщик 
700 1 |a Vagin  |b E. S.  |c mathematician  |c assistant of Tomsk Polytechnic University  |f 1985-  |g Evgeny Sergeevich  |2 stltpush  |3 (RuTPU)RU\TPU\pers\35680 
701 1 |a Grigoriev  |b V. P.  |c mathematician  |c Professor of Tomsk Polytechnic University, Doctor of physical and mathematical sciences  |f 1941-  |g Vladimir Petrovich  |2 stltpush  |3 (RuTPU)RU\TPU\pers\30929 
712 0 2 |a Национальный исследовательский Томский политехнический университет (ТПУ)  |b Институт кибернетики (ИК)  |b Кафедра прикладной математики (ПМ)  |h 130  |2 stltpush  |3 (RuTPU)RU\TPU\col\18700 
801 1 |a RU  |b 63413507  |c 20151005 
801 2 |a RU  |b 63413507  |c 20161122  |g RCR 
856 4 0 |u http://dx.doi.org/10.1088/1742-6596/652/1/012021 
856 4 0 |u http://earchive.tpu.ru/handle/11683/18240 
942 |c CF